| 000 | 00736nam a22002417a 4500 | ||
|---|---|---|---|
| 005 | 20131008104313.0 | ||
| 010 | _aENG-107668 | ||
| 020 |
_a9781259062599 _c350.00 |
||
| 020 |
_a1259062597 _c350.00 |
||
| 035 | _aEN-91201 | ||
| 037 | _bDBAD/PUB | ||
| 082 | _a543.0858 | ||
| 100 | _a Banwell, Colin N. | ||
| 245 |
_aFundamentals of molecular spectroscopy / _cby Colin N. Banwell, Elaine M. McCash |
||
| 250 | _a5th ed. | ||
| 260 |
_bTata McGraw Hill _c2013 _aNew Delhi |
||
| 270 |
_aP-24, Green Park Extnsion _bNew Delhi _e110016 |
||
| 300 |
_axiv,383p. _c24cm(pbk) _bill. |
||
| 500 | _aIncludes index | ||
| 650 | _aMolecular spectroscopy | ||
| 700 | _aMcCash, Elaine M. | ||
| 942 |
_2ddc _cEN _mBAN _h543.0858 |
||
| 999 |
_c76989 _d76989 |
||